PET : padres eficaz y técnicamente preparados / Dr. Thomas Gordon

Shranjeno v:
Bibliografske podrobnosti
Glavni avtor: Gordon, Thomas (autor)
Format: Knjiga
Teme:
Oznake: Označite
Brez oznak, prvi označite!

MARC

LEADER 00000nam^a2200000^u^4500
001 000553107
005 20250521000000.0
008 060220s1000^^^^^^^^^^^^r^^^^^000^0^spa^d
009 20260310131629.873
022 |a 9681303458 
035 |a FMI 000022899 
037 |a Acervo Xavier Clavigero 
096 |a 8.2/30/A 
100 |a Gordon, Thomas  |e (autor) 
245 1 0 |a PET : padres eficaz y técnicamente preparados / Dr. Thomas Gordon 
264 |a México : Diana, 1982 
300 |a 307 p. 
336 |a texto  |b txt  |2 rdacontenido 
337 |a sin mediación  |b n  |2 rdamedio 
338 |a volumen  |b nc  |2 rdasoporte 
649 |a XX 
650 |a Desarrollo Humano 
910 |a Fondo Francisco Migoya Covarrubias S.J. 
920 |a Impresos - Libros 
930 |a Fondos Especiales 
905 |a 134 
901 |a SBC30348  |b IT2  |c ESP  |u 20250521 
902 |a https://opac.biblio.iteso.mx/vufind/Record/000553107